Distribución espacial y temporal de los coleópteros acuáticos en la cuenca del río Coello (Tolima, Colombia) (Registro nro. 16302)
[ vista simple ]
| 000 -CABECERA | |
|---|---|
| Campo de control | 006480000a22001930004500 |
| 090 ## - CLASIFICACIÓN LOCAL | |
| Colección | SERIADAS |
| 044 ## - PAÍS DE PUBLICACIÓN | |
| País de publicación | |
| 041 0# - IDIOMA | |
| Código de idioma para texto/pista de sonido o título separado | |
| 100 1# - ASIENTO PRINCIPAL--NOMBRE PERSONAL | |
| Nombre personal | Arias Díaz, Diego Mauricio |
| 245 10 - MENCION DE TITULO | |
| Título | Distribución espacial y temporal de los coleópteros acuáticos en la cuenca del río Coello (Tolima, Colombia) |
| 651 #4 - ASIENTO SECUNDARIO DE MATERIA - NOMBRE GEOGRAFICO | |
| -- | Tolima |
| -- | Río Coello |
| 700 1# - ASIENTO SECUNDARIO - NOMBRE PERSONAL | |
| Nombre personal | Reinoso Flórez, Gladys |
| 700 1# - ASIENTO SECUNDARIO - NOMBRE PERSONAL | |
| Nombre personal | Guevara Cardona, Giovany |
| 773 1# - Item fuente: | |
| Título | Caldasia |
| Detalles específicos del material | Jun |
| Descripción física | 1 |
| Paginas del Articulo | 177-194 |
| Lugar, editorial y fecha de publicación | 2007 |
| Información sobre la relación | 29 |
| 942 ## - ELEMENTOS ADICIONALES (KOHA) | |
| Tipo de ítem | Artículo |
No hay ítems disponibles.